Word Ladder: Piece of Cake Quiz Stats

 Plays Quiz Updated Mar 9, 2019

Score 0/26 Timer 03:00
4 Plays Today
Clue 4-letter Word % Correct
Attack from DraculaBITE
88.1%
Furnace or kiln☆ OVEN ☆
86.2%
'The Dark Knight' actor ChristianBALE
85.5%
Female under-garmentsBRAS
83.9%
A greenish-blue colorTEAL
83.8%
Cafeteria carrier☆ TRAY ☆
83.7%
Better this than neverLATE
83.7%
Good time to buy goods ☆ SALE ☆
83.2%
Low-cal☆ LITE ☆
83.2%
Artificially changed colorDYED
81%
Fuse together with heatWELD
80.8%
There are 8 in a byteBITS
79.5%
Sound like an assBRAY
79.3%
Clue 4-letter Word % Correct
One side in basketballTEAM
79%
Streetcar, to a BritTRAM
78.6%
Inclination or prejudiceBIAS
77.5%
Quench your hungerSATE
77.2%
Penultimate word in a fairy taleEVER
76.2%
Legal documentDEED
75.8%
Garden intruderWEED
74.6%
Set of bowls in cricket☆ OVER ☆
73.6%
A word of hesitation☆ WELL ☆
67.8%
Red, swollen markWEAL
65.2%
'Stranger Things' actress NataliaDYER
63.3%
Observer; On-lookerEYER
62.3%
☆ COMMON BOND ☆☆ BAKE ☆
33.3%

Today's Daily Dose

Missing Word
Banned Books (A-Z)

Word Ladder
Janis Joplin

Get the Picture
Occupations

You're not logged in!

Compare scores with friends on all Sporcle quizzes.
OR
Log In

Sporcle TV

Today on Sporcle TV


Watch our educational content, quiz creation guides, and fun videos on Sporcle TV.

Show Comments

Extras

Top Quizzes Today


Score Distribution

Your Account Isn't Verified!

In order to create a playlist on Sporcle, you need to verify the email address you used during registration. Go to your Sporcle Settings to finish the process.

Report this User

Report this user for behavior that violates our Community Guidelines.

Details: